000 00212 a2200097 4500
020 _a9781501116858
041 _aeng
100 _aSullivan, Mathew
245 _aMidnight at the Bright Ideas Bookstore
942 _cBK
999 _c31708
_d31706